000 01754nam a2200217 a 4500
001 000048549
005 20201002061231.0
008 190329s2015 dr 000 m spa d
020 _a9789993480136
040 _aDO-SdBNP
_bspa
_cBNPHU
082 _axxxx
_bM524d
100 1 _aMella, Pablo
_954066
245 1 0 _aDerecho, soberanía, educación e interculturalidad :
_breflexiones desde el contexto dominicano /
_cPablo Mella, SJ.
260 _aSanto Domingo :
_bCentro Bonó,
_c2015.
300 _a126 p. ;
_c23 cm.
490 1 _aDerechos Humanos
500 _aIncluye bibliografía al final de los capítulos
505 0 _aIntroducción --
_gEstudio 1
_tPerspectivas del derecho intercultural. Una reflexión filosófica --
_gAnexo del estudio 1
_tLa primera comunicación del gobierno dominicano (1ero. de marzo de 1844) --
_gEstudio 2
_tConfuciones soberanas. Una nota histórica de la nación de soberanía --
_gEstudio 3
_tSoberanía y orden postwestfaliano. Reflexiones normativas --
_gEstudio 4
_tLa sentencia 168-13 del Tribunal Constitucional Dominicano ante la doctrina social de la iglesia --
_gEstudio 5
_t¿Con qué derecho, con cuál justicia? El Tribunal Constitucional Dominicano y la Corte Interamericana de Derechos Humanos --
_tAnexo del estudio 5: Una reflexión de Ana María Belique al finalizar el año 2014 --
_gEstudio 6
_tÉtica y educación ciudadana intercultural --
_gEstudio 7
_tPara leer y escribir interculturalmente --
_gEstudio 8
_tRepública Dominicana "un pueblo café con leche". Los dilemas de la historiografía dominicana ante la diáspora africana --
_gEstudio 9
_tAmor y justicia. Comentario filosófico de la encíclica "Dios es amor" de Benedicto XVI--.
590 _aInventariado, 2019/LP
830 0 _aDerechos Humanos
_972126
999 _c48037
_d48037